Music Quiz

Random Music or Album Quiz

Clickable Lyrics from 'The Getaway' Quiz Stats

 Plays Quiz not verified by Sporcle

Challenge
Share
Tweet
Embed
Score 0/13 Timer 03:00
0 Plays Today
% Correct
Sick Love
87.5%
Dark Necessities
85%
Encore
80%
The Longest Wave
77.5%
Goodbye Angels
77.5%
Go Robot
77.5%
This Ticonderoga
72.5%
Feasting on the Flowers
70%
The Getaway
67.5%
Dreams of a Samurai
67.5%
Detroit
55%
The Hunter
52.5%
We Turn Red
40%

You're not logged in!

Compare scores with friends on all Sporcle quizzes.
Join for Free
OR
Log In

You Might Also Like...

Show Comments

Extras

Top Quizzes Today


Score Distribution

Your Account Isn't Verified!

In order to create a playlist on Sporcle, you need to verify the email address you used during registration. Go to your Sporcle Settings to finish the process.

Report this User

Report this user for behavior that violates our Community Guidelines.

Details: